000 00525nam a22001937a 4500
003 CEME
005 20210628202901.0
008 210126b xxu||||| |||| 00| 0 eng d
020 _a1-58053-070-2
040 _c.
082 _a621.3822 BAR
100 _aBarkat, Mourad
_962143
245 _aSignal detection and estimation
250 _a2ND
260 _aNEW DELHI
_bARTECH HOUSE
_c2005
300 _aXVII,691 P
650 _aSIGNAL DETECTION . STOCHASTIC PROCESSES . ESTIMATION THEORY.RADAR
_962144
942 _cBK
_2ddc
999 _c571347
_d571347